Normal view
MARC view
- Muhammad Bilal (00000321083)
Entry Personal Name
001 - CONTROL NUMBER
- control field: 116719
003 - CONTROL NUMBER IDENTIFIER
- control field: NUST
005 - DATE AND TIME OF LATEST TRANSACTION
- control field: 20230912170029.0
008 - FIXED-LENGTH DATA ELEMENTS
- fixed length control field: 230912|| aca||aabn | a|a d
040 ## - CATALOGING SOURCE
- Original cataloging agency: NUST
- Transcribing agency: NUST
100 ## - HEADING--PERSONAL NAME
- Personal name: Muhammad Bilal (00000321083)
670 ## - SOURCE DATA FOUND
- Source citation: Work cat.: (NUST): Muhammad Bilal (00000321083), Earthing Analysis of High Voltage Laboratory at NUST /, 2022
